Qaumi Yakjehti. (Record no. 6963)

MARC details
000 -LEADER
fixed length control field 00547nam a2200241 a 4500
020 ## - INTERNATIONAL STANDARD BOOK NUMBER
ISBN
082 00 - DEWEY DECIMAL CLASSIFICATION NUMBER
Classification number 303.66
Author Cutter LAL
100 ## - MAIN ENTRY--AUTHOR NAME
Author name Lal, Brij
245 ## - TITLE STATEMENT
Title Qaumi Yakjehti.
260 ## - PUBLICATION, DISTRIBUTION, ETC. (IMPRINT)
Place of publication Hyderabad
Name of publisher Hindustani Sahtiya
Year of publication 1969
300 ## - PHYSICAL DESCRIPTION
Number of Pages 48p
500 ## - GENERAL NOTE
General note includes index and biblioraphy
505 2# - FORMATTED CONTENTS NOTE
Formatted contents note Chronology
650 ## - SUBJECT ADDED ENTRY--TOPICAL TERM
Topical Term Peace
942 ## - ADDED ENTRY ELEMENTS (KOHA)
Koha item type Books
700 1# -
-- Lal, Brij
Holdings
Collection code Home library Current library Date acquired Cost, normal purchase price Full call number Accession Number Koha item type
  Henry Martyn Institute Library Henry Martyn Institute Library 03/20/2007 100.00 303.66 LAL 013398 Books
                   Copyright © 2026 | Henry Martyn Institute | Hyderabad | TS-500052 | INDIA | Implemented by hmi.edu.in
Hit-Count:

Powered by Koha